Administración /

Guardado en:
Autor Principal: Robbins, Stephen P.
Otros Autores: Coulter, Mary, González, Angel Carlos, trad.
Formato: Libro
Publicado: México : Prentice Hall
Edición:6a. ed.
Materias:
Etiquetas: Agregar Etiqueta
Sin Etiquetas, Sea el primero en etiquetar este registro!
LEADER 00692nam a22002295a 4500
001 CEM.cems011853
005 20070716185354.0
008 130507b######################000#0#####d
003 CEMS
020 |a 970170388X 
082 0 4 |a 658.01 
100 1 |a Robbins, Stephen P. 
245 1 0 |a Administración /  |c Stephen P. Robbins, Mary Coulter ; traducido Por Angel Carlos González 
250 |a 6a. ed. 
260 |a México :  |b Prentice Hall 
300 |a 792 p. 
653 |a Administración de empresas 
653 |a Recursos humanos 
653 |a Liderazgo 
700 1 |a Coulter, Mary 
700 1 |a González, Angel Carlos, trad. 
859 |a CEMS  |b BIB. CEMS - 11 de abril  |h 658.01  |i R55-1a6  |p 22902.05  |t Ej.1